| 000 | 00684cab a2200241 4500 | ||
|---|---|---|---|
| 001 | ABS39228 | ||
| 008 | 090401t1988 xxu||||| |||| 00| 0 eng d | ||
| 035 | _a(Sirsi) u15250 | ||
| 041 | _aeng | ||
| 100 | _aWalker, B. | ||
| 245 | _aAll sectors healthy in Hong Kong | ||
| 260 | _c1988 | ||
| 350 | _a0 | ||
| 490 |
_aEstates Gazette _v(8820) 21 May 1988, 78-79(2) |
||
| 520 | _aDemand for all sectors of the market is still strong with office rents and sales prices in Central and nearby satellite areas surging ahead. | ||
| 650 | _aLAND PRICES | ||
| 650 | _aMARKET | ||
| 650 | _aRESIDENTIAL | ||
| 650 | _aRETAIL | ||
| 690 | _aOVERSEAS | ||
| 942 | _n0 | ||
| 948 | _c04/03/1997 | ||
| 999 |
_c9976 _d9976 |
||